| 000 | 00631nam a2200229Ia 4500 | ||
|---|---|---|---|
| 003 | OSt | ||
| 005 | 20230511094426.0 | ||
| 008 | 210423s2003 xx 000 0 und d | ||
| 020 | _a978-0-275-97967-9 | ||
| 040 | _cAL | ||
| 041 | _aeng | ||
| 082 | _a302.2343 JORM | ||
| 100 |
_aJORDAN (Chris) _9102192 |
||
| 245 | _aMovies and the Reagan presidency: success and ethics | ||
| 260 |
_aLondon _bPRAEGER _c2003 |
||
| 300 |
_aix,195p _bHB |
||
| 365 |
_b3161.84 _cUSD |
||
| 650 |
_aCommunication _9102193 |
||
| 650 |
_aSocial Interaction _9102194 |
||
| 906 | _aethics ; Movies ; presidency: ; reagan ; success | ||
| 942 |
_2ddc _cBK |
||
| 999 |
_c165806 _d165806 |
||